Datum a čas kvízu
17.5
Celkem bodů
Celkový počet nahraných bodů na tomto kvízu bez doplňovacích otázek.
6.
Pořadí na kvízu
Konečné umístění týmu na tomto kvízu.
Zaznamenané odpovědi
| # | Otázka | Odpověď | Body | Výsledky |
|---|---|---|---|---|
| 1. | Pirátská strana minulý týden u... | 0 | ||
| 2. | Pět nenechavců ve Španělsku se... | 0 | ||
| 3. | Ve čtvrtek přišel do kin celov... | 0 | ||
| 4. | Americká firma otevřela první... | 0 | ||
| 5. | V českém olympijském domě v Pc... | 0 | ||
| 6. | Toto téma jste si na facebooko... | 0 | ||
| 7. | Přiřaďte k sobě správně české... | 1 | ||
| 5. | U prvních sedmi párů žeber při... | 1 | ||
| 5. | Tenké střevo člověka se obecně... | 0 | ||
| 5. | Díky speciální metodě konzerva... | 0 |